| 000 | nam a22 7a 4500 | ||
|---|---|---|---|
| 999 |
_c234230 _d234230 |
||
| 003 | Nust | ||
| 005 | 20170316120256.0 | ||
| 008 | 170316b xxu||||| |||| 00| 0 eng d | ||
| 020 | _a978-93-8023549-3 | ||
| 040 | _cASAB | ||
| 082 | _a635 | ||
| 245 |
_abreeding and protection of vegetables _cby M.K. Rana |
||
| 246 | _avegetables | ||
| 300 | _a512 P. | ||
| 942 |
_2ddc _cBK |
||